Airport Codes Quiz Stats

 Plays Quiz not verified by Sporcle

Support Sporcle.
Go Orange.
Score 0/40 Timer 10:00
0 Plays Today
% Correct
LAX
95.4%
JFK
93.1%
LHR
92%
MAD
90.9%
SYD
90.2%
DUB
89.3%
FRA
89.3%
MAN
89%
MUC
88.9%
BKK
88.5%
MEL
86.6%
BER
86.2%
TLV
86.1%
DOH
86.1%
IST
85.8%
KUL
85.1%
CDG
83.2%
YVR
82.3%
MNL
81.8%
DXB
81.5%
% Correct
SIN
78.3%
ORD
77.6%
PEK
77.4%
BOM
75.3%
DEL
74.1%
RUH
72.6%
AUH
70.9%
FCO
67.5%
YUL
63.5%
MXP
59.6%
HND
57.4%
ICN
54%
SGN
51.7%
PVG
51.5%
EZE
51%
GIG
49%
GRU
46.3%
CGK
45.4%
DME
45%
LED
40.9%

You're not logged in!

Compare scores with friends on all Sporcle quizzes.
OR
Log In

From the Vault

Mixed Word: NES Games

by Scuadrado

It's easy to get mixed up in NES level designs.
Remove Ads.
Support Sporcle.
Get the best of Sporcle when you Go Orange. This ad-free experience offers more features, more stats, and more fun while also helping to support Sporcle. Thank you for becoming a member.

Show Comments

Extras

Created Oct 9, 2013ReportNominate
Tags:Airport Codes

Top Quizzes Today


Score Distribution

Your Account Isn't Verified!

In order to create a playlist on Sporcle, you need to verify the email address you used during registration. Go to your Sporcle Settings to finish the process.

Report this User

Report this user for behavior that violates our Community Guidelines.

Details: